Hacia una conceptualización del ecodesarrollo /

Uloženo v:
Podrobná bibliografie
Hlavní autor: Hurtubia, J.
Další autoři: Sánchez, V., Sejenovich, Héctor, Szekely, F.
Médium: Text
Vydáno: Cartago: Editorial Tecnológica
Tagy: Přidat tag
Žádné tagy, Buďte první, kdo vytvoří štítek k tomuto záznamu!

MARC

LEADER 00000 a a2200000 04500
001 14661
003
040 |a CRAI/IIS  |c CRAI/IIS 
090 |a 022000  
100 |a Hurtubia, J.  
245 |a Hacia una conceptualización del ecodesarrollo /  |c J. Hurtubia 
260 |a Cartago:   |b Editorial Tecnológica  
300 |a 26 p  
700 |a Sánchez, V.  
700 |a Sejenovich, Héctor  
700 |a Szekely, F.  
999 |c 17524  |d 17524